Tratado de Libre Comercio Centroamérica-Estados Unidos: proceso y resultados /
محفوظ في:
| المؤلف الرئيسي: | |
|---|---|
| مؤلف مشترك: | |
| مؤلفون آخرون: | |
| التنسيق: | نص |
| اللغة: | Spanish |
| منشور في: |
San José:
EUNED. BCIE
2004
|
| الموضوعات: | |
| الوسوم: |
إضافة وسم
لا توجد وسوم, كن أول من يضع وسما على هذه التسجيلة!
|
MARC
| LEADER | 00000 a a2200000 04500 | ||
|---|---|---|---|
| 001 | 30453 | ||
| 003 | CRAI/IIS | ||
| 005 | 20210611132620.0 | ||
| 008 | 210611e2004 cr|||||| |||| 00| 0 spa d | ||
| 020 | |a 9968-31-351-3 | ||
| 040 | |a Centro de Recursos para el Aprendizaje y la Investigación |b Español |c CRAI/IIS | ||
| 090 | |a 19504.08 | ||
| 100 | |a Weisleder, Saúl | ||
| 110 | |a Universidad Estatal a Distancia | ||
| 245 | |a Tratado de Libre Comercio Centroamérica-Estados Unidos: |b proceso y resultados / |c Saúl Weisleder | ||
| 260 | |a San José: |b EUNED. BCIE |c 2004 | ||
| 300 | |a 332 p. | ||
| 500 | |a Colección Centroamérica | ||
| 650 | |a TEXTILES |0 TESAUROS | ||
| 650 | |a INDUSTRIA TEXTIL |0 TESAUROS | ||
| 650 | |a INDUSTRIA DEL VESTUARIO |0 TESAUROS | ||
| 650 | |a VOLUMEN DE LAS EXPORTACIONES |0 TESAUROS | ||
| 650 | |a VOLUMEN DE LAS IMPORTACIONES |0 TESAUROS | ||
| 650 | |a INDUSTRIA DE ENSAMBLAJE |0 TESAUROS | ||
| 650 | |a IMPORTACIONES |0 TESAUROS | ||
| 650 | |a ARANCELES |0 TESAUROS | ||
| 650 | |a INVERSIONES |0 TESAUROS | ||
| 650 | |a EMPLEO |0 TESAUROS | ||
| 650 | |a HILADO |0 TESAUROS | ||
| 650 | |a FIBRAS TEXTILES |0 TESAUROS | ||
| 650 | |a CUENCA DEL CARIBE |0 TESAUROS | ||
| 650 | |a SINDICATOS |0 TESAUROS | ||
| 700 | |a ed. | ||
| 852 | 1 | 1 | |a 19504.08 |
| 942 | |2 ddc |c LI |h 19504.08 |6 1950408 | ||
| 999 | |c 1411 |d 1411 | ||



